000 00374nam a2200133 a 4500
005 20140414131856.0
008 100828s19uu xx 00 eng d
050 _aFIL
_bR82 2009
100 _aCarcamo, Ronaldo
245 _aAng mga tsismis sa Baryo Silid :
_bThe rumors in Baryo Silid.
260 _aManila, Philippines :
_bLampara,
_c2009.
440 _a
999 _c110463
_d110463